Premier League 2019-2020 Top scorers - Statistics

General Stats
  • This quiz has been taken 48 times
  • The average score is 9 of 10
Answer Stats
Goals Nationality Club Player % Correct
19 Egypt Liverpool Egypt Mohamed Salah
100%
18 England Tottenham Hotspur England Harry Kane
100%
23 England Leicester City England Jamie Vardy
100%
18 Senegal Liverpool Sadio Mané
96%
22 Gabon Arsenal Gabon Pierre-Emerick Aubameyang
93%
17 France Manchester United Anthony Martial
87%
17 Mexico Wolverhampton Wanderers Mexico Raúl Jiménez
87%
20 England Manchester City England Raheem Sterling
84%
17 England Manchester United Marcus Rashford
84%
22 England Southampton Danny Ings
62%
No matching quizzes found
Score Distribution
Percent of People with Each Score
Percentile by Number Answered
Your Score History
You have not taken this quiz